|
|
|
|
| LEADER |
00000nab a2200000 ar4500 |
| 001 |
vtls011595731 |
| 003 |
SK-MaSNL |
| 005 |
20260305014529.0 |
| 008 |
161128c20160921xo mr|p|||||||000 b|slo |
| 038 |
|
|
|a SNSK
|
| 040 |
|
|
|b slo
|c SNSK
|e AACR2
|
| 041 |
|
|
|a slo
|
| 044 |
|
|
|a xo
|c SK
|
| 080 |
|
|
|a 27-557
|2 2011
|
| 080 |
|
|
|a 627.775
|x -053.18
|2 2011
|
| 100 |
1 |
|
|a Novotný, Peter
|4 aut
|9 336055
|
| 245 |
1 |
0 |
|a Zúfalý plač záchranárov
|b pochovali hrdinov z vrtuľníka
|c Peter Novotný
|
| 300 |
|
|
|b Fotogr.
|
| 610 |
2 |
7 |
|a Konkatedrála Sedembolestnej Panny Márie (Poprad, Slovensko)
|2 snsk
|9 58074
|
| 650 |
0 |
7 |
|a pohreby
|2 snsk
|9 1976
|
| 650 |
0 |
7 |
|a záchranári
|2 snsk
|9 30207
|
| 650 |
0 |
7 |
|a letecké nehody
|2 snsk
|9 69420
|
| 651 |
|
7 |
|a Poprad (Slovensko)
|2 snsk
|9 20155
|
| 773 |
0 |
|
|t Nový Čas
|g Roč. 26, č. 219 (21.9.2016), s. 8-9
|x 1335-4655
|
| 852 |
|
|
|a SNSK
|b KIS3GCP
|
| 856 |
4 |
1 |
|u http://www.cas.sk/clanok/451528/srdcervuca-rozlucka-hrdinov-z-havarovaneho-vrtulnika-do-neba-ich-odprevadil-zufaly-plac-kolegov/
|
| 999 |
|
|
|c 3270010
|d 3271940
|